Statistics for Nastily Exhausting Wizarding Test (Hard Harry Potter Trivia)

Click here to take the quiz!

General Stats

  • This quiz has been taken 13,553 times
    (13,535 since last reset)
  • The average score is 4 of 10

Answer Stats

Hint Answer % Correct
Chocolate frog cards are customarily what geometric shape?Pentagon
69%
Fleur Delacour's grandmother is what type of creature?Veela
69%
What is the name of the barman of the Leaky Cauldron?Tom
66%
What is Regulus Black's middle name?Arcturus
40%
Who is the first student sorted into a house in 1991?Hannah Abbott
32%
What is Severus Snape's mother's maiden name? (First and last)Eileen Prince
30%
Which broom manufacturing company was formed in 1926 by Barnaby, Bill, and Bob Ollerton?the Cleansweep Broom Company
21%
The study of magical creatures is referred to as what?Magizoology
14%
How many knuts are in a galleon?493
11%
To sidetrack the hunt for Sirius Black, Kingsley Shacklebolt told the ministry Sirius was hiding in which country?Tibet
7%

Score Distribution

Percentile by Number Answered

Percent of People with Each Score

Your Score History

You have not taken this quiz since the last reset